Statistics for New York Rangers Roster

Click here to take the quiz!

General Stats

  • This quiz has been taken 234 times
    (61 since last reset)
  • The average score is 11 of 24

Answer Stats

Number Last name % Correct
30Lundqvist
90%
36Zuccarello
81%
93Zibanejad
79%
20Kreider
77%
89Buchnevich
75%
76Skjei
73%
18Staal
71%
26Vesey
63%
77DeAngelo
54%
13Hayes
54%
19Fast
52%
22Shattenkirk
50%
90Namestnikov
48%
31Pavelec
40%
44Pionk
38%
58Gilmour
31%
8McLeod
23%
28Carey
15%
46OGara
12%
43Kampfer
10%
39Beleskey
10%
12Holland
6%
25Sproul
4%
23Sponner
0%

Score Distribution

Percentile by Number Answered

Percent of People with Each Score

Your Score History

You have not taken this quiz since the last reset